Production and utilization of rubber (Hevea) wood in India (Record no. 48255)

MARC details
000 -LEADER
fixed length control field 00550nam a2200157Ia 4500
100 ## - MAIN ENTRY--AUTHOR NAME
Personal name Joseph T
245 #0 - TITLE STATEMENT
Title Production and utilization of rubber (Hevea) wood in India
260 ## - PUBLICATION, DISTRIBUTION, ETC. (IMPRINT)
Name of publisher In:Proceedings of National Seminar on Processing and Utilization of Plantation Timbers and Bamboo, 23-24 July 1998, IPIRTI, Bangalore, India, pp. 151-157.
Year of publication 1998
650 ## - SUBJECT ADDED ENTRY--TOPICAL TERM
Topical Term India
650 ## - SUBJECT ADDED ENTRY--TOPICAL TERM
Topical Term Wood production
650 ## - SUBJECT ADDED ENTRY--TOPICAL TERM
Topical Term Wood utilization
700 ## - ADDED ENTRY--PERSONAL NAME
Personal name George K T
700 ## - ADDED ENTRY--PERSONAL NAME
Personal name Viswanathan P K
942 ## - ADDED ENTRY ELEMENTS (KOHA)
Koha item type Bibliography RLWO
Holdings
Withdrawn status Lost status Damaged status Not for loan Home library Current library Date acquired Koha item type
      Bibliography RRII Library RRII Library 31/12/2021 Bibliography RLWO